Juvenile Delinquency, Crime and Social Marginalization: Social and Political Implications (Record no. 60123)

MARC details
000 -LEADER
fixed length control field 00959nam a22002417a 4500
005 - DATE AND TIME OF LATEST TRANSACTION
control field 20260203132257.0
008 - FIXED-LENGTH DATA ELEMENTS--GENERAL INFORMATION
fixed length control field 260203b |||||||| |||| 00| 0 eng d
020 ## - INTERNATIONAL STANDARD BOOK NUMBER
International Standard Book Number 978-1-78743-611-4
050 ## - LIBRARY OF CONGRESS CALL NUMBER
Classification number HV9069
Item number .B37 2017
100 ## - MAIN ENTRY--PERSONAL NAME
Personal name Basto Pereira, Miguel,
245 ## - TITLE STATEMENT
Title Juvenile Delinquency, Crime and Social Marginalization: Social and Political Implications
250 ## - EDITION STATEMENT
Edition statement First edition.
260 ## - PUBLICATION, DISTRIBUTION, ETC. (IMPRINT)
Place of publication, distribution, etc Bingley, UK,
Name of publisher, distributor, etc Emerald Publishing,
Date of publication, distribution, etc 2017
300 ## - PHYSICAL DESCRIPTION
Extent x, 84 p. ;
Dimensions 19 cm.
500 ## - GENERAL NOTE
General note Includes bibliographical references (pages 57-74) and an index.
650 ## - SUBJECT ADDED ENTRY--TOPICAL TERM
Topical term or geographic name as entry element Juvenile delinquency
General subdivision Social aspects
650 ## - SUBJECT ADDED ENTRY--TOPICAL TERM
Topical term or geographic name as entry element Juvenile delinquency
General subdivision Political aspects
650 ## - SUBJECT ADDED ENTRY--TOPICAL TERM
Topical term or geographic name as entry element Criminal behavior
General subdivision Social aspects
650 ## - SUBJECT ADDED ENTRY--TOPICAL TERM
Topical term or geographic name as entry element Criminal behavior
General subdivision Political aspects
700 ## - ADDED ENTRY--PERSONAL NAME
Personal name Maia, Angela da Costa
Relator term Contributor
856 ## - ELECTRONIC LOCATION AND ACCESS
Uniform Resource Identifier https://www.emerald.com/books/monograph/15335/Juvenile-Delinquency-Crime-and-Social?searchresult=1
942 ## - ADDED ENTRY ELEMENTS (KOHA)
Source of classification or shelving scheme Library of Congress Classification
Item type E-book
Holdings
Withdrawn status Lost status Source of classification or shelving scheme Damaged status Not for loan Home library Current library Date acquired Total Checkouts Full call number Date last seen Uniform Resource Identifier Price effective from Koha item type
    Library of Congress Classification   Not For Loan Nairobi Campus Nairobi Campus 03/02/2026   HV9069 .B37 2017 03/02/2026 https://www.emerald.com/books/monograph/15335/Juvenile-Delinquency-Crime-and-Social?searchresult=1 03/02/2026 E-book